<?xml version="1.0" encoding="UTF-8"?>
<record
    xmlns:xsi="http://www.w3.org/2001/XMLSchema-instance"
    xsi:schemaLocation="http://www.loc.gov/MARC21/slim http://www.loc.gov/standards/marcxml/schema/MARC21slim.xsd"
    xmlns="http://www.loc.gov/MARC21/slim">

  <leader>01645nam a2200289Ia 4500</leader>
  <controlfield tag="003">OSt</controlfield>
  <controlfield tag="005">20210727083442.0</controlfield>
  <controlfield tag="008">210310s1987    ck     fr     000 0 spa d</controlfield>
  <datafield tag="020" ind1=" " ind2=" ">
    <subfield code="a">958950082</subfield>
  </datafield>
  <datafield tag="040" ind1=" " ind2=" ">
    <subfield code="a">CO-JMCR</subfield>
    <subfield code="c">CO-JMCR</subfield>
  </datafield>
  <datafield tag="041" ind1="0" ind2=" ">
    <subfield code="a">spa</subfield>
  </datafield>
  <datafield tag="082" ind1="0" ind2="4">
    <subfield code="a">322.722 /</subfield>
    <subfield code="b">G516u</subfield>
    <subfield code="2">23</subfield>
  </datafield>
  <datafield tag="100" ind1="1" ind2=" ">
    <subfield code="a">Giraldo Isaza, Fabio, </subfield>
    <subfield code="9">16582</subfield>
    <subfield code="e">autor</subfield>
  </datafield>
  <datafield tag="245" ind1="1" ind2="3">
    <subfield code="a">El Upac la politica economica y la constitucion 1970-1987</subfield>
    <subfield code="c">[autores, Fabio Giraldo Isaza, H&#xE9;ctor Fernando L&#xF3;pez]</subfield>
  </datafield>
  <datafield tag="250" ind1=" " ind2=" ">
    <subfield code="a">Primera edici&#xF3;n</subfield>
  </datafield>
  <datafield tag="260" ind1=" " ind2=" ">
    <subfield code="a">Bogot&#xE1; : </subfield>
    <subfield code="b">C&#xE1;mara Colombiana de la Construcci&#xF3;n, </subfield>
    <subfield code="c">1987</subfield>
  </datafield>
  <datafield tag="300" ind1=" " ind2=" ">
    <subfield code="a">382 p&#xE1;ginas ; </subfield>
    <subfield code="c">21 cm.</subfield>
  </datafield>
  <datafield tag="500" ind1=" " ind2=" ">
    <subfield code="a">Incluye notas a pie de p&#xE1;gina.</subfield>
  </datafield>
  <datafield tag="504" ind1=" " ind2=" ">
    <subfield code="a">Bibliograf&#xED;a: p&#xE1;ginas 371-382</subfield>
  </datafield>
  <datafield tag="505" ind1="0" ind2=" ">
    <subfield code="a">Componentes del sector de construcci&#xF3;n -- Importancia macroecon&#xF3;mica de la construcci&#xF3;n de vivienda -- Antecedentes del sistema UPAC -- La creaci&#xF3;n del sistema UPAC: una transformaci&#xF3;n en el proceso de acumulaci&#xF3;n -- La reforma financiera de 1974 o la contrarrevoluci&#xF3;n del UPAC -- La administraci&#xF3;n Betancur: una vuelta al UPAC -- La administraci&#xF3;n Barco Vargas: El UPAC y la econom&#xED;a social -- Las reformas al UPAC de la administraci&#xF3;n Barco: Una discusi&#xF3;n permanente acerca de la naturaleza del dinero -- A pesar del UPAC, hay que pensar en la crisis del crecimiento </subfield>
  </datafield>
  <datafield tag="650" ind1="1" ind2="4">
    <subfield code="a">Industria de la construcci&#xF3;n</subfield>
    <subfield code="9">16584</subfield>
    <subfield code="z">Colombia</subfield>
  </datafield>
  <datafield tag="650" ind1="2" ind2="4">
    <subfield code="a">Unidades de poder adquisitivo constante</subfield>
    <subfield code="z">Colombia</subfield>
    <subfield code="9">38750</subfield>
  </datafield>
  <datafield tag="650" ind1="2" ind2="4">
    <subfield code="a">Vivienda</subfield>
    <subfield code="x">Financiaci&#xF3;n</subfield>
    <subfield code="y">1970-1987</subfield>
    <subfield code="z">Colombia</subfield>
    <subfield code="9">38751</subfield>
  </datafield>
  <datafield tag="650" ind1="2" ind2="4">
    <subfield code="a">Pol&#xED;tica de vivienda</subfield>
    <subfield code="y">1970-1987</subfield>
    <subfield code="z">Colombia</subfield>
    <subfield code="9">38752</subfield>
  </datafield>
  <datafield tag="700" ind1="1" ind2=" ">
    <subfield code="a">Fernando L&#xF3;pez, H&#xE9;ctor, </subfield>
    <subfield code="e">autor</subfield>
    <subfield code="9">38753</subfield>
  </datafield>
  <datafield tag="942" ind1=" " ind2=" ">
    <subfield code="2">ddc</subfield>
    <subfield code="c">BK</subfield>
  </datafield>
  <datafield tag="999" ind1=" " ind2=" ">
    <subfield code="c">8191</subfield>
    <subfield code="d">8191</subfield>
  </datafield>
  <datafield tag="952" ind1=" " ind2=" ">
    <subfield code="0">0</subfield>
    <subfield code="1">0</subfield>
    <subfield code="2">ddc</subfield>
    <subfield code="4">0</subfield>
    <subfield code="7">0</subfield>
    <subfield code="8">NFIC</subfield>
    <subfield code="a">CPL</subfield>
    <subfield code="b">CPL</subfield>
    <subfield code="d">2018-04-15</subfield>
    <subfield code="e">Donaci&#xF3;n</subfield>
    <subfield code="o">322.722 / G516u</subfield>
    <subfield code="p">430003342</subfield>
    <subfield code="r">2024-05-16 00:00:00</subfield>
    <subfield code="t">Ej.1</subfield>
    <subfield code="y">BK</subfield>
  </datafield>
</record>
